L'Entourage - Membres - Statistiques

Statistiques générales
  • Ce quiz a été pris 174 fois
  • Le résultat moyen est 9 sur 15
Statistiques - réponses
Hint Réponse % Correct
Membres Nekfeu
100%
Alpha Wann
91%
Doums
79%
Jazzy Bazz
79%
Ex-Membres Guizmo
78%
Deen Burbigo
76%
Mekra
76%
Framal
72%
2Zer
70%
Eff Gee
55%
Fonky Flav
45%
Candy Cotton
19%
Abou
9%
Morpion
3%
Marguerite du Bled
1%
Aucun quiz correspondant
Distribution des résultats
% des personnes avec chaque résultat
Percentile par nombre de réponses
Votre historique - résultats
Vous n’avez pas pris ce quiz